La alienación mental en el ejército español / (Record no. 133091)

MARC details
000 -LEADER
campo de control de longitud fija 00547nam a2200169 i 4500
001 - NÚMERO DE CONTROL
campo de control 133091
003 - IDENTIFICADOR DE NÚMERO DE CONTROL
campo de control ES-MaACL
005 - FECHA Y HORA DE LA ÚLTIMA TRANSACCIÓN
campo de control 20250811100411.0
007 - CAMPO FIJO DE DESCRIPCIÓN FÍSICA--INFORMACIÓN GENERAL
campo de control de longitud fija t|
008 - DATOS DE LONGITUD FIJA--INFORMACIÓN GENERAL
campo de control de longitud fija 070214s1912 sp r ||||1| spa d
100 1# - ENTRADA PRINCIPAL--NOMBRE DE PERSONA
Nombre de persona Rubiano Herrera, Santos,
Fechas asociadas al nombre 1871-1930
9 (RLIN) 100312
245 13 - MENCIÓN DEL TÍTULO
Título La alienación mental en el ejército español /
Mención de responsabilidad, etc. Santos Rubiano Herrera.
260 ## - PUBLICACIÓN, DISTRIBUCIÓN, ETC.
Lugar de publicación, distribución, etc. Barcelona :
Nombre del editor, distribuidor, etc. [s. n.],
Fecha de publicación, distribución, etc. 1912 (
Fabricante Tip. `La Academia`)
650 #7 - PUNTO DE ACCESO ADICIONAL DE MATERIA--TÉRMINO DE MATERIA
Término de materia o nombre geográfico como elemento de entrada Psiquiatría militar
Fuente del encabezamiento o término embne-DP
9 (RLIN) 153942
852 ## - LOCALIZACIÓN
Ubicación ES-MaACL
Número de control de estantería T-1320-F-4
Holdings
Estatus retirado Estado de pérdida Estado de daño No para préstamo Colección Biblioteca de origen Biblioteca actual Ubicación en estantería Fecha de adquisición Fuente de adquisición Total de préstamos Signatura topográfica completa Código de barras Visto por última vez Precio de reemplazo Tipo de ítem Koha
        Colección de folletos Biblioteca del Ateneo de Madrid Biblioteca del Ateneo de Madrid Depósito folletos 17/01/2008     T-1320-F-4 1138555 23/02/2023 23/02/2023 Folleto